000 00469nam a2200193 a 4500
001 1766145535714
003 ACL
005 20251219173211.0
008 251219s1995##################000#0#eng##
020 _a9780028603605
082 0 4 _a641.814
_bWIL
100 1 _aWilliams, Sallie Y.,
_eauthor.
245 1 0 _aThe Complete Book Of Sauces :
260 _bHarvest,
_c1995.
300 _a276 pages
650 0 _aCooking.
942 _cENGLISH
040 _aACL
_beng
_cACL
999 _c603319
_d603319